Diesel engine maintenance / (Record no. 145396)

MARC details
000 -LEADER
fixed length control field 00913aam a2200325 a 4500
001 - CONTROL NUMBER
control field ocm30548361
003 - CONTROL NUMBER IDENTIFIER
control field 0
005 - DATE AND TIME OF LATEST TRANSACTION
control field 20230123133243.0
008 - FIXED-LENGTH DATA ELEMENTS--GENERAL INFORMATION
fixed length control field 930812s1992 enka 001 0 eng
010 ## - LIBRARY OF CONGRESS CONTROL NUMBER
LC control number 93191114
015 ## - NATIONAL BIBLIOGRAPHY NUMBER
National bibliography number GB93-53260
019 ## -
-- 29466215
020 ## - INTERNATIONAL STANDARD BOOK NUMBER
International Standard Book Number 1852236965 (pbk.) :
Terms of availability �8.99
029 1# - OTHER SYSTEM CONTROL NUMBER (OCLC)
OCLC library identifier UKM
System control number b9353260
035 ## - SYSTEM CONTROL NUMBER
-- H130
040 ## - CATALOGING SOURCE
Original cataloging agency DLC
Transcribing agency NUST
Modifying agency UKM
049 ## - LOCAL HOLDINGS (OCLC)
Holding library MAIN
090 ## - LOCALLY ASSIGNED LC-TYPE CALL NUMBER (OCLC); LOCAL CALL NUMBER (RLIN)
Classification number (OCLC) (R) ; Classification number, CALL (RLIN) (NR) TJ795.A2
100 1# - MAIN ENTRY--PERSONAL NAME
Personal name Caplen, Peter F.
245 10 - TITLE STATEMENT
Title Diesel engine maintenance /
Statement of responsibility, etc. Peter F. Caplen.
260 ## - PUBLICATION, DISTRIBUTION, ETC.
Place of publication, distribution, etc. Ramsbury, Wiltshire :
Name of publisher, distributor, etc. Helmsman Books,
Date of publication, distribution, etc. 1992.
300 ## - PHYSICAL DESCRIPTION
Extent 128 p. :
Other physical details ill. ;
Dimensions 24 cm.
440 #0 - SERIES STATEMENT/ADDED ENTRY--TITLE
Title Helmsman guides
500 ## - GENERAL NOTE
General note Includes index.
650 #0 - SUBJECT ADDED ENTRY--TOPICAL TERM
Topical term or geographic name entry element Marine diesel motors
General subdivision Maintenance and repair.
653 0# - INDEX TERM--UNCONTROLLED
Uncontrolled term Boats
-- Internal combustion engines
907 ## - LOCAL DATA ELEMENT G, LDG (RLIN)
a .b10067917
b 17-04-03
c 17-04-03
994 ## -
-- 92
-- ZNA
942 ## - ADDED ENTRY ELEMENTS (KOHA)
Koha item type Ordinary Loan Books
Call number prefix TJ795.A2
Holdings
Date last seen Total Checkouts Full call number Barcode Cost, replacement price Price effective from Koha item type Lost status Source of classification or shelving scheme Damaged status Not for loan Collection Withdrawn status Home library Current library Shelving location Date acquired Cost, normal purchase price
01/23/2023 3 TJ795.A2 CAP 92003016740 80.00 01/23/2023 BOOKS   LCC     NFIC   MAIN MAIN GEN 01/23/2023 80.00